000
00305nam a2200109Ia 4500
008
220204s9999 xx 000 0 und d
082
_a
57.085.23(083)
_b
GEO.1
100
_a
George, E F
245
0
_a
Plant tissue culture media. V 1. Formulations and uses
260
_a
England
_b
Exegetics
_c
1987
942
_c
BK
999
_c
39764
_d
39764